000
00355nam a2200145Ia 4500
008
090124s9999 xx 000 0 und d
082
_b
134334
245
_a
अप्रिय
250
_a
1
260
_b
वैद्य सुरेश.
_c
2007
300
_a
234
630
_a
अप्रिय
730
_a
अप्रिय
942
_c
BOOK
999
_c
188460
_d
188460